[Event "RUS-ch rapid"]
[Site "Olginka"]
[Date "2011.04.26"]
[Round "9"]
[White "Lushenkov, Mikhail M"]
[Black "Popov, Valerij"]
[Result "1/2-1/2"]
[WhiteElo "2441"]
[BlackElo "2565"]
[PlyCount "211"]
[EventDate "2011.04.25"]
[EventType "swiss (rapid)"]
[EventRounds "11"]
[EventCountry "RUS"]
[SourceTitle "CBM 141 Extra"]
[Source "ChessBase"]
[SourceDate "2011.05.03"]
[SourceVersion "1"]
[SourceVersionDate "2011.05.03"]
[SourceQuality "1"]

1. Nf3 d5 2. e3 Nf6 3. c4 e6 4. b3 b6 5. g3 Bb7 6. Bg2 dxc4 7. bxc4 Be7 8. 0-0 0-0 9. Bb2 c5 10. Qe2 Nc6 11. Rd1 Qc7 12. Nc3 Rac8 13. d3 Rfd8 14. Ne1 Rd7 15. f4 Rcd8 16. Rd2 Na5 17. Rad1 Bxg2 18. Qxg2 Qc6 19. Nf3 Bd6 20. g4 Ne8 21. f5 Bb8 22. Ne2 exf5 23. gxf5 Qh6 24. Kf2 Re7 25. e4 Red7 26. Bc3 Nc6 27. h4 f6 28. Qg4 a6 29. a4 Bc7 30. h5 a5 31. d4 cxd4 32. Nexd4 Ne5 33. Nxe5 fxe5 34. Nf3 Nf6 35. Qh4 Rxd2+ 36. Rxd2 Rxd2+ 37. Bxd2 Qxh5 38. Qxh5 Nxh5 39. Be3 Nf6 40. Nd2 Ng4+ 41. Kf3 Nxe3 42. Kxe3 Bd6 43. Kf3 Kf7 44. Kg4 Ke8 45. Kh5 Kd7 46. Nb3 Be7 47. Nd2 Kd6 48. Nb3 Kc6 49. Kg4 Kd7 50. Kh5 Bb4 51. Nc1 Ke7 52. Nd3 Bd6 53. Kg5 Kf7 54. Kh5 Kf6 55. Nf2 Ke7 56. Nd3 Kd7 57. Kg5 Ke8 58. Kh5 Ke7 59. Kg5 Kf7 60. Kh5 Kf6 61. Nf2 Bb8 62. Ng4+ Ke7 63. Nf2 Bc7 64. Kg5 Bd8 65. Kh5 Bc7 66. Kg5 Bd6 67. Nd3 Kf7 68. Kh5 Bc7 69. Kg5 Bd8+ 70. Kh5 Bf6 71. Ne1 Bd8 72. Nd3 Bc7 73. Kg5 Bd6 74. Kh5 Ke7 75. Kg5 Kd7 76. Kh5 Bc7 77. Kg5 Kd6 78. Kh5 Bd8 79. Kg4 Bc7 80. Kh5 Ke7 81. Kg5 Bd8 82. Kh5 Kf6 83. Nf2 Kf7 84. Nd3 Bf6 85. Nf2 Be7 86. Nd3 Kf6 87. Nf2 Bd6 88. Ng4+ Ke7 89. Nf2 Bb4 90. Nd3 Bc3 91. Kg5 Bd2+ 92. Kh5 Kf6 93. Nf2 Bf4 94. Ng4+ Ke7 95. Nf2 Be3 96. Nd3 Kf6 97. Ne1 Bd2 98. Nd3 Bf4 99. Nf2 Ke7 100. Nd3 Kd6 101. Kg4 Be3 102. Kh5 Bd4 103. Kg5 Ke7 104. Kh5 Kf6 105. Ne1 Bf2 106. Nd3 1/2-1/2

[Event "RUS-chT 18th"]
[Site "Olginka"]
[Date "2011.04.21"]
[Round "9"]
[White "Lushenkov, Mikhail M"]
[Black "Ni, Hua"]
[Result "0-1"]
[WhiteElo "2441"]
[BlackElo "2646"]
[PlyCount "120"]
[EventDate "2011.04.12"]
[EventType "team-tourn"]
[EventRounds "11"]
[EventCountry "RUS"]
[SourceTitle "EXT 2020"]
[Source "ChessBase"]
[SourceDate "2019.10.17"]
[SourceVersion "1"]
[SourceVersionDate "2019.10.17"]
[SourceQuality "1"]
[WhiteTeam "Belgorod BelGu"]
[BlackTeam "Saratov Economist SSSEU"]
[WhiteTeamCountry "RUS"]
[BlackTeamCountry "RUS"]

1. d4 Nf6 2. Nf3 e6 3. c4 d5 4. Nc3 Bb4 5. cxd5 exd5 6. Bg5 h6 7. Bxf6 Qxf6 8. Rc1 0-0 9. a3 Bxc3+ 10. Rxc3 c6 11. e3 a5 12. Ne5 Nd7 13. Nxd7 Bxd7 14. Be2 a4 15. Bg4 Be8 16. Qf3 Qd6 17. Bf5 g6 18. Bc2 Bd7 19. 0-0 Ra5 20. Qg3 Qxg3 21. hxg3 f5 22. g4 fxg4 23. Bxg6 Kg7 24. Bd3 h5 25. g3 Kh6 26. Rfc1 Rf6 27. Rc5 Ra8 28. R1c2 Be6 29. Rd2 Kg5 30. e4 Kh6 31. Bc2 h4 32. gxh4 Kh5 33. Rc3 Kxh4 34. Re3 Rf3 35. exd5 Rxe3 36. fxe3 cxd5 37. Rh2+ Kg3 38. Rg2+ Kh4 39. Rh2+ Kg3 40. Rg2+ Kf3 41. Bd1+ Ke4 42. Kf2 Kd3 43. Ke1 Bd7 44. Bxg4 Bxg4 45. Rxg4 Re8 46. Kd1 Rxe3 47. Rg2 Kxd4 48. Kd2 b5 49. Rg4+ Re4 50. Rg3 Rh4 51. Rd3+ Ke5 52. Re3+ Kd6 53. b3 Rh2+ 54. Kc1 d4 55. Rg3 axb3 56. Rxb3 Kc5 57. Kd1 Ra2 58. Kc1 Kc4 59. Rb4+ Kc3 60. Rxb5 Ra1+ 0-1

[Event "RUS-chT 18th"]
[Site "Olginka"]
[Date "2011.04.20"]
[Round "8"]
[White "Vokarev, Sergey"]
[Black "Lushenkov, Mikhail M"]
[Result "1/2-1/2"]
[WhiteElo "2455"]
[BlackElo "2441"]
[PlyCount "49"]
[EventDate "2011.04.12"]
[EventType "team-tourn"]
[EventRounds "11"]
[EventCountry "RUS"]
[SourceTitle "EXT 2020"]
[Source "ChessBase"]
[SourceDate "2019.10.17"]
[SourceVersion "1"]
[SourceVersionDate "2019.10.17"]
[SourceQuality "1"]
[WhiteTeam "Nizhny Tagil Politekhnik"]
[BlackTeam "Belgorod BelGu"]
[WhiteTeamCountry "RUS"]
[BlackTeamCountry "RUS"]

1. e4 e5 2. Nf3 Nc6 3. Bb5 a6 4. Bxc6 dxc6 5. 0-0 Ne7 6. Nxe5 Qd4 7. Qh5 g6 8. Qg5 Bg7 9. Nd3 f5 10. e5 c5 11. b3 h6 12. Qg3 f4 13. Qf3 Bf5 14. Bb2 Qd5 15. Qxd5 Nxd5 16. Nxc5 b6 17. Na4 Bxc2 18. Nbc3 Nxc3 19. dxc3 0-0-0 20. c4 Rhe8 21. Rfe1 Re6 22. Re2 Bd1 23. Re1 Bc2 24. Re2 Bd1 25. Re1 1/2-1/2